Score 0/36 Timer 03:00
0 Plays Today
HINT WORD % Correct
❤ CARDINALS COLOR ❤❤ RED ❤
93.2%
___ England PatriotsNEW
92.3%
Mr. FlandersNED
87.4%
❤ ___ FIGHTERS ❤❤ FOO ❤
86.1%
Billiards stickCUE
85.2%
Waiter's gratuityTIP
84.1%
Arizona State ___ DevilsSUN
82.3%
Sound like a doveCOO
81.5%
Turn down the lightDIM
81.3%
Draught beer dispenserTAP
81.1%
Beatles, The ___ FourFAB
80.9%
A Boy Named ___SUE
80.9%
❤ BEER CAN PULL ❤❤ TAB ❤
80.7%
EnjoymentFUN
80.3%
In favor ofFOR
80%
❤ THE ___ OF ALL FEARS ❤❤ SUM ❤
80%
Doritos condimentDIP
79.9%
❤ ERMINE, MINK, OR SABLE ❤❤ FUR ❤
78.3%
HINT WORD % Correct
Point at a targetAIM
77.9%
NFL'er Woodson, Smith, or GardnerROD
76.8%
UK runner, Sebastian ___COE
76.3%
❤ ___ PRO, STAR, or AMERICAN ❤❤ ALL? ❤
76.2%
Divisional rivalFOE
75.7%
Pocket watch chainFOB
75.6%
Stag's mateDOE
75.3%
Feel poorlyAIL
72.7%
CaviarROE
72.4%
❤ RAW METAL ❤❤ ORE ❤
71.4%
___ Offensive, Viet Nam battleTET
69.6%
❤ TWISTED SISTER ____ SNIDER ❤❤ DEE ❤
68.1%
Added costFEE
67.8%
❤ CONIFER ❤❤ YEW ❤
53%
Up to this timeYET
53%
Make laceTAT
50.9%
Treat for a Bronco?OAT
48%
Table scrapORT
46.8%

Today's Daily Dose

Missing Word
'T' Pairs

Word Ladder
Game Pieces

Get the Picture
Baseball Movies

Remove Ads.
Support Sporcle.
Get the best of Sporcle when you Go Orange. This ad-free experience offers more features, more stats, and more fun while also helping to support Sporcle. Thank you for becoming a member.

You're not logged in!

Compare scores with friends on all Sporcle quizzes.
OR
Log In

Show Comments

Extras

Top Quizzes Today


Score Distribution

Your Account Isn't Verified!

In order to create a playlist on Sporcle, you need to verify the email address you used during registration. Go to your Sporcle Settings to finish the process.

Report this User

Report this user for behavior that violates our Community Guidelines.

Details: